| 000 | 01129cam a22003497a 4500 | ||
|---|---|---|---|
| 999 |
_c29130 _d29101 |
||
| 001 | 14109070 | ||
| 003 | EG-ScBUE | ||
| 005 | 20210531104351.0 | ||
| 008 | 050915t2002 caua f 001 0 eng d | ||
| 020 | _a1893115275 | ||
| 020 | _a9781893115279 | ||
| 035 | _a(OCoLC)ocm49786137 | ||
| 040 |
_aUKM _beng _erda _cUKM _dUOK _dKUK _dOCLCQ _dBAKER _dDLC _dEG-ScBUE |
||
| 082 | 0 | 4 |
_a005.4469 _bMOR _222 |
| 100 | 1 |
_aMorrill, Dan L., _eauthor. |
|
| 245 | 1 | 0 |
_aTuning and customizing a Linux system / _cDaniel L. Morrill. |
| 264 | 1 |
_aBerkeley, CA : _baPress, _c[2002] |
|
| 264 | 4 | _cc2002 | |
| 300 |
_axxiv, 432 pages : _billustrations ; _c24 cm |
||
| 336 |
_2rdacontent _atext _btxt |
||
| 337 |
_2rdamedia _aunmediated _bn |
||
| 338 |
_2rdacarrier _avolume _bnc |
||
| 500 | _aIncludes index. | ||
| 500 | _aIncludes appendix. | ||
| 630 | 0 | 0 | _aLinux. |
| 650 | 7 |
_aOperating systems (Computers) _2BUEsh |
|
| 653 |
_bCOMSCI _cMay2021 |
||
| 655 |
_vReading book _934232 |
||
| 906 |
_a7 _bcbc _ccopycat _d2 _encip _f20 _gy-gencatlg |
||
| 942 |
_2ddc _cBB |
||